[Event "Bergen Sommer op"]
[Site "Bergen"]
[Date "2003.08.03"]
[Round "1"]
[White "Flaata, Alexander R"]
[Black "Tessem, Mathias"]
[Result "0-1"]
[WhiteElo "1933"]
[BlackElo "1742"]
[PlyCount "40"]
[EventDate "2003.08.??"]
[EventType "swiss"]
[EventRounds "6"]
[EventCountry "NOR"]
[SourceTitle "EXT 2005"]
[Source "ChessBase"]
[SourceDate "2004.11.15"]
[SourceVersion "1"]
[SourceVersionDate "2004.11.15"]
[SourceQuality "1"]

1. e4 e6 2. d3 d5 3. Nd2 Nf6 4. g3 Nc6 5. Ngf3 dxe4 6. dxe4 e5 7. Bc4 Bc5 8. 0-0 0-0 9. c3 Bh3 10. Re1 Ng4 11. Re2 Qf6 12. b4 Bb6 13. Qb3 Rad8 14. Bd5 Rxd5 15. exd5 e4 16. dxc6 exf3 17. Ne4 Qxc6 18. Rc2 Qxe4 19. Bf4 Nxf2 20. Bxc7 Nd1+ 0-1